Инструкция по применению и испытанию средств защиты, используемых в электроустановках. СО 153-34.03.603-2003

Bibliographic Details
Summary:Инструкция содержит классификацию и перечень средств защиты для работ в электроустановках, требования к их испытаниям, содержанию и применению. В Инструкции приведены нормы и методики эксплуатационных, приемо-сдаточных и типовых испытаний средств защиты, порядок и нормы комплектования средствами защиты электроустановок и производственных бригад. Инструкция утверждена приказом Минэнерго России от 30 июня 2003 г. № 261. Для руководителей, специалистов и рабочих, организующих и (или) выполняющих работы в электроустановках, а также специалистов, занятых разработкой средств защиты.
Language:Russian
Published: Новосибирск, Норматика, 2012
Subjects:
Format: Book
KOHA link:https://koha.lib.tpu.ru/cgi-bin/koha/opac-detail.pl?biblionumber=214700

MARC

LEADER 00000nam0a2200000 4500
001 214700
005 20231101225919.0
010 |a 9785437400272 
029 0 0 |a RU  |b 153-34.03.603-2003  |f СО 
035 |a (RuTPU)RU\TPU\book\234581 
090 |a 214700 
100 |a 20120427d2012 k y0rusy50 ca 
101 0 |a rus 
102 |a RU 
105 |a a l 000zy 
200 1 |a Инструкция по применению и испытанию средств защиты, используемых в электроустановках. СО 153-34.03.603-2003 
210 |a Новосибирск  |c Норматика  |d 2012 
215 |a 64 с.  |c ил. 
330 |a Инструкция содержит классификацию и перечень средств защиты для работ в электроустановках, требования к их испытаниям, содержанию и применению. В Инструкции приведены нормы и методики эксплуатационных, приемо-сдаточных и типовых испытаний средств защиты, порядок и нормы комплектования средствами защиты электроустановок и производственных бригад. Инструкция утверждена приказом Минэнерго России от 30 июня 2003 г. № 261. Для руководителей, специалистов и рабочих, организующих и (или) выполняющих работы в электроустановках, а также специалистов, занятых разработкой средств защиты. 
606 1 |a Электрические установки  |x Защита  |2 stltpush  |3 (RuTPU)RU\TPU\subj\27678  |9 51398 
610 1 |a электрозащитные средства 
610 1 |a средства индивидуальной защиты 
610 1 |a экранирующие устройства 
610 1 |a инструкции 
675 |a 621.316.9  |v 3 
801 1 |a RU  |b 63413507  |c 20120427 
801 2 |a RU  |b 63413507  |c 20120813  |g RCR 
942 |c BK 
959 |a 66/20120425  |d 1  |e 96,45  |f ЧЗКДП:1